000 00666nam a2200253Ia 4500
003 OSt
005 20220918164416.0
006 a|||||r|||| 00| 0
007 ta
008 220917b |||||||| |||| 00| 0 eng d
020 _a0571109780
024 _a27,692
037 _cTextual
040 _aARTS
_cARTS
_beng
041 _2eng
_aeng
082 _aO111,2N06x, L7
100 _aBeckett Samuel
245 0 _aEnds and odds
_b plays and sketones
260 _aLondon
_bFaber and Faber UK
_c1977
300 _a104p.
_ccm.
650 _aENGLISH LITERATURE
942 _hO111,2N06x, L7
_cTEXL
_2CC
999 _c124650
_d124650